[Event "Wolrd Chess Olympiad 2018"]
[Site "Batumi"]
[Date "2018.09.28"]
[Round "5"]
[Board "2"]
[WhiteFideId "10300040"]
[White "Al Azmi Khalaf"]
[BlackFideId "2402076"]
[Black "Dempsey John"]
[Result "1/2-1/2"]
[LiveChessVersion "1.4.8"]
[BlackElo "1888"]
[WhiteElo "1785"]

1. e4 {[%clk 1:30:53]} c5 {[%clk 1:30:54]} 2. Nf3 {[%clk 1:31:18]} g6
{[%clk 1:30:59]} 3. d4 {[%clk 1:31:28]} cxd4 {[%clk 1:31:23]} 4. Nxd4
{[%clk 1:31:50]} Bg7 {[%clk 1:31:46]} 5. c4 {[%clk 1:32:09]} Nc6 {[%clk 1:32:01]}
6. Be3 {[%clk 1:32:29]} Nf6 {[%clk 1:32:23]} 7. Nc3 {[%clk 1:32:52]} d6
{[%clk 1:32:43]} 8. Be2 {[%clk 1:32:59]} O-O {[%clk 1:33:05]} 9. O-O
{[%clk 1:33:08]} a5 {[%clk 1:33:26]} 10. Rc1 {[%clk 1:27:23]} Nd7
{[%clk 1:33:26]} 11. Qd2 {[%clk 1:23:38]} Nxd4 {[%clk 1:33:41]} 12. Bxd4
{[%clk 1:23:53]} Nc5 {[%clk 1:33:44]} 13. f4 {[%clk 1:18:31]} Bxd4+
{[%clk 1:24:18]} 14. Qxd4 {[%clk 1:18:41]} e5 {[%clk 1:24:38]} 15. fxe5
{[%clk 1:18:13]} Ne6 {[%clk 1:22:37]} 16. Qxd6 {[%clk 1:17:11]} Qg5
{[%clk 1:23:00]} 17. Nd5 {[%clk 1:14:04]} Rd8 {[%clk 1:22:21]} 18. Qe7
{[%clk 1:10:11]} Qxe7 {[%clk 1:22:31]} 19. Nxe7+ {[%clk 1:10:00]} Kf8
{[%clk 1:22:56]} 20. Nd5 {[%clk 1:09:45]} Bd7 {[%clk 1:22:00]} 21. Rf6
{[%clk 1:08:08]} Kg7 {[%clk 1:21:25]} 22. Rcf1 {[%clk 1:07:33]} Rf8
{[%clk 1:21:41]} 23. Nb6 {[%clk 1:03:18]} Rad8 {[%clk 1:20:09]} 24. Nxd7
{[%clk 1:02:59]} Rxd7 {[%clk 1:20:29]} 25. Bg4 {[%clk 1:02:48]} Re8
{[%clk 1:18:35]} 26. a3 {[%clk 0:54:14]} Ree7 {[%clk 1:16:06]} 27. Rc1
{[%clk 0:38:20]} Rd4 {[%clk 1:15:38]} 28. Bf3 {[%clk 0:37:38]} a4
{[%clk 1:12:39]} 29. Bd1 {[%clk 0:32:57]} Nc5 {[%clk 1:12:58]} 30. Rd6
{[%clk 0:29:33]} Rxe4 {[%clk 1:12:50]} 31. Bf3 {[%clk 0:27:14]} R4xe5
{[%clk 1:12:30]} 32. Rd5 {[%clk 0:23:58]} h5 {[%clk 1:06:47]} 33. Rcd1
{[%clk 0:22:01]} R7e6 {[%clk 0:50:08]} 34. Rxe5 {[%clk 0:16:18]} Rxe5
{[%clk 0:50:27]} 35. Rd5 {[%clk 0:15:33]} Kf6 {[%clk 0:49:35]} 36. Rd8
{[%clk 0:14:51]} Ke7 {[%clk 0:48:47]} 37. Rb8 {[%clk 0:13:56]} Re1+
{[%clk 0:46:41]} 38. Kf2 {[%clk 0:14:16]} Rb1 {[%clk 0:47:03]} 39. Ke3
{[%clk 0:12:47]} Rxb2 {[%clk 0:46:59]} 40. Kd4 {[%clk 0:39:43]} Kd6
{[%clk 1:12:56]} 41. Rd8+ {[%clk 0:37:20]} Kc7 {[%clk 1:13:15]} 42. Ra8
{[%clk 0:36:18]} Kd6 {[%clk 1:04:47]} 43. Rd8+ {[%clk 0:35:18]} Kc7
{[%clk 1:02:29]} 44. Ra8 {[%clk 0:30:59]} Kd6 {[%clk 0:59:02]} 1/2-1/2

[Event "Wolrd Chess Olympiad 2018"]
[Site "Batumi"]
[Date "2018.09.28"]
[Round "5"]
[Board "1"]
[WhiteFideId "11101644"]
[White "Husbands Orlando"]
[BlackFideId "12000027"]
[Black "Frick Renato"]
[Result "1-0"]
[LiveChessVersion "1.4.8"]
[BlackElo "2058"]
[WhiteElo "2262"]

1. e4 {[%clk 1:30:58]} c5 {[%clk 1:30:53]} 2. Nf3 {[%clk 1:31:25]} d6
{[%clk 1:31:09]} 3. d4 {[%clk 1:31:53]} cxd4 {[%clk 1:31:33]} 4. Nxd4
{[%clk 1:32:14]} Nf6 {[%clk 1:31:53]} 5. Nc3 {[%clk 1:32:38]} a6 {[%clk 1:32:16]}
6. Bg5 {[%clk 1:32:40]} e6 {[%clk 1:31:37]} 7. f4 {[%clk 1:33:06]} h6
{[%clk 1:29:18]} 8. Bh4 {[%clk 1:33:34]} Qb6 {[%clk 1:29:33]} 9. a3
{[%clk 1:33:57]} Be7 {[%clk 1:28:09]} 10. Bf2 {[%clk 1:34:20]} Qc7
{[%clk 1:28:27]} 11. Qf3 {[%clk 1:34:48]} Nbd7 {[%clk 1:28:23]} 12. O-O-O
{[%clk 1:35:07]} b5 {[%clk 1:27:22]} 13. g4 {[%clk 1:35:16]} Bb7 {[%clk 1:26:16]}
14. Bg2 {[%clk 1:34:59]} g5 {[%clk 1:16:56]} 15. f5 {[%clk 1:24:56]} e5
{[%clk 1:05:41]} 16. Nb3 {[%clk 1:20:54]} Rc8 {[%clk 1:01:25]} 17. Qe2
{[%clk 1:13:01]} Nb6 {[%clk 0:50:18]} 18. Kb1 {[%clk 1:08:34]} Nc4
{[%clk 0:45:07]} 19. Rd3 {[%clk 1:04:00]} h5 {[%clk 0:38:51]} 20. h3
{[%clk 1:00:49]} Bc6 {[%clk 0:32:33]} 21. Nd2 {[%clk 0:52:50]} Qb7
{[%clk 0:23:39]} 22. Rd1 {[%clk 0:43:23]} Nxd2+ {[%clk 0:20:02]} 23. R1xd2
{[%clk 0:41:56]} b4 {[%clk 0:20:06]} 24. axb4 {[%clk 0:30:44]} Qxb4
{[%clk 0:20:00]} 25. Rd1 {[%clk 0:27:32]} Rb8 {[%clk 0:19:02]} 26. b3
{[%clk 0:27:44]} Qa3 {[%clk 0:16:56]} 27. Be3 {[%clk 0:23:20]} hxg4
{[%clk 0:14:19]} 28. hxg4 {[%clk 0:23:42]} Nd7 {[%clk 0:10:41]} 29. Nd5
{[%clk 0:21:09]} Bxd5 {[%clk 0:05:53]} 30. Bc1 {[%clk 0:20:51]} Qa4
{[%clk 0:05:44]} 31. Rxd5 {[%clk 0:20:47]} f6 {[%clk 0:05:43]} 32. Bb2
{[%clk 0:17:26]} Qc6 {[%clk 0:06:03]} 33. Bf1 {[%clk 0:15:12]} Rh4
{[%clk 0:04:21]} 34. Qf3 {[%clk 0:11:32]} Nc5 {[%clk 0:02:41]} 35. Bc4
{[%clk 0:11:38]} a5 {[%clk 0:02:37]} 36. Rh1 {[%clk 0:09:33]} a4 {[%clk 0:02:14]}
37. Rxh4 {[%clk 0:06:52]} gxh4 {[%clk 0:02:36]} 38. Ba3 {[%clk 0:07:16]} axb3
{[%clk 0:02:45]} 39. cxb3 {[%clk 0:07:37]} Na4 {[%clk 0:02:04]} 40. Ka2
{[%clk 0:36:59]} Nc5 {[%clk 0:32:13]} 41. Bxc5 {[%clk 0:30:48]} dxc5
{[%clk 0:32:25]} 42. g5 {[%clk 0:30:54]} Bd6 {[%clk 0:22:05]} 43. Qh5+
{[%clk 0:28:18]} Kd8 {[%clk 0:19:49]} 44. Qh8+ {[%clk 0:28:31]} Kc7
{[%clk 0:20:05]} 45. Qg7+ {[%clk 0:22:16]} Qd7 {[%clk 0:18:04]} 46. Qxd7+
{[%clk 0:21:38]} Kxd7 {[%clk 0:18:31]} 47. g6 {[%clk 0:21:56]} h3
{[%clk 0:12:53]} 48. g7 {[%clk 0:21:05]} Rg8 {[%clk 0:12:33]} 49. Rxd6+
{[%clk 0:20:57]} Kxd6 {[%clk 0:12:56]} 50. Bxg8 {[%clk 0:21:22]} h2
{[%clk 0:13:13]} 51. Bd5 {[%clk 0:21:06]} h1=Q {[%clk 0:13:34]} 52. g8=Q
{[%clk 0:21:21]} c4 {[%clk 0:12:10]} 53. Qf8+ {[%clk 0:20:50]} Kc7
{[%clk 0:12:01]} 54. Qc5+ {[%clk 0:21:10]} 1-0

[Event "Wolrd Chess Olympiad 2018"]
[Site "Batumi"]
[Date "2018.09.28"]
[Round "5"]
[Board "2"]
[WhiteFideId "12000108"]
[White "Mannhart Marcel"]
[BlackFideId "11100400"]
[Black "Del Castilho Martyn"]
[Result "1-0"]
[LiveChessVersion "1.4.8"]
[BlackElo "2250"]
[WhiteElo "2096"]

1. Nc3 {[%clk 1:30:56]} Nf6 {[%clk 1:30:53]} 2. e4 {[%clk 1:31:02]} e5
{[%clk 1:31:16]} 3. Bc4 {[%clk 1:30:56]} Nc6 {[%clk 1:28:30]} 4. d3
{[%clk 1:30:41]} Na5 {[%clk 1:28:12]} 5. Nge2 {[%clk 1:29:59]} Nxc4
{[%clk 1:27:29]} 6. dxc4 {[%clk 1:30:09]} Bc5 {[%clk 1:26:15]} 7. O-O
{[%clk 1:25:34]} d6 {[%clk 1:24:18]} 8. Qd3 {[%clk 1:21:37]} Bd7 {[%clk 1:12:15]}
9. h3 {[%clk 1:11:45]} h6 {[%clk 0:46:25]} 10. Ng3 {[%clk 1:06:32]} Qe7
{[%clk 0:43:59]} 11. a4 {[%clk 1:02:39]} g5 {[%clk 0:39:50]} 12. Be3
{[%clk 0:59:09]} g4 {[%clk 0:35:02]} 13. h4 {[%clk 0:52:58]} O-O-O
{[%clk 0:32:33]} 14. a5 {[%clk 0:48:58]} a6 {[%clk 0:23:03]} 15. Rfe1
{[%clk 0:46:22]} Nh7 {[%clk 0:22:56]} 16. Bxc5 {[%clk 0:45:52]} dxc5
{[%clk 0:23:21]} 17. Qe3 {[%clk 0:45:49]} Kb8 {[%clk 0:20:17]} 18. Nd5
{[%clk 0:43:29]} Qxh4 {[%clk 0:20:24]} 19. Qxc5 {[%clk 0:43:22]} Rc8
{[%clk 0:19:34]} 20. Re3 {[%clk 0:42:18]} Qd8 {[%clk 0:14:54]} 21. Rb3
{[%clk 0:38:30]} Qf8 {[%clk 0:12:29]} 22. Ne7 {[%clk 0:37:09]} Re8
{[%clk 0:12:56]} 23. Qd5 {[%clk 0:36:55]} b5 {[%clk 0:08:12]} 24. cxb5
{[%clk 0:33:48]} Bxb5 {[%clk 0:07:12]} 25. Rxb5+ {[%clk 0:33:41]} axb5
{[%clk 0:07:22]} 26. Qxb5+ {[%clk 0:34:03]} Ka8 {[%clk 0:05:36]} 27. Qa6+
{[%clk 0:34:16]} 1-0

[Event "Wolrd Chess Olympiad 2018"]
[Site "Batumi"]
[Date "2018.09.28"]
[Round "5"]
[Board "3"]
[WhiteFideId "11100516"]
[White "Blackman Justin"]
[BlackFideId "12000078"]
[Black "Guller Andras"]
[Result "1-0"]
[LiveChessVersion "1.4.8"]
[BlackElo "2012"]
[WhiteElo "2158"]

1. d4 {[%clk 1:30:56]} Nf6 {[%clk 1:30:20]} 2. c4 {[%clk 1:31:20]} g6
{[%clk 1:30:37]} 3. Nc3 {[%clk 1:31:44]} d5 {[%clk 1:30:56]} 4. cxd5
{[%clk 1:32:08]} Nxd5 {[%clk 1:31:19]} 5. e4 {[%clk 1:32:32]} Nxc3
{[%clk 1:31:42]} 6. bxc3 {[%clk 1:32:58]} Bg7 {[%clk 1:31:46]} 7. Nf3
{[%clk 1:33:24]} O-O {[%clk 1:31:51]} 8. Rb1 {[%clk 1:33:06]} c5 {[%clk 1:29:35]}
9. Be2 {[%clk 1:33:00]} cxd4 {[%clk 1:26:32]} 10. cxd4 {[%clk 1:33:24]} Qa5+
{[%clk 1:21:32]} 11. Bd2 {[%clk 1:33:53]} Qd8 {[%clk 1:18:43]} 12. O-O
{[%clk 1:26:06]} b6 {[%clk 1:15:13]} 13. Qc1 {[%clk 1:21:26]} Bb7
{[%clk 1:13:52]} 14. d5 {[%clk 1:18:07]} Nd7 {[%clk 1:11:59]} 15. Bh6
{[%clk 1:16:41]} Nf6 {[%clk 1:06:34]} 16. Bxg7 {[%clk 1:13:56]} Kxg7
{[%clk 1:06:40]} 17. Qe3 {[%clk 1:09:58]} Rc8 {[%clk 1:01:24]} 18. Nd4
{[%clk 0:50:10]} Qc7 {[%clk 0:51:55]} 19. d6 {[%clk 0:41:39]} exd6
{[%clk 0:46:26]} 20. Nf5+ {[%clk 0:40:01]} Kh8 {[%clk 0:42:42]} 21. Qh6
{[%clk 0:32:46]} Rg8 {[%clk 0:41:32]} 22. Rb3 {[%clk 0:26:03]} Bxe4
{[%clk 0:39:49]} 23. Qg5 {[%clk 0:22:23]} Bxf5 {[%clk 0:38:48]} 24. Qxf6+
{[%clk 0:22:47]} Rg7 {[%clk 0:39:12]} 25. Re3 {[%clk 0:18:09]} Qd8
{[%clk 0:35:26]} 26. Qd4 {[%clk 0:18:06]} Be6 {[%clk 0:31:09]} 27. Re1
{[%clk 0:17:27]} d5 {[%clk 0:26:08]} 28. h3 {[%clk 0:14:14]} h6 {[%clk 0:25:44]}
29. Bg4 {[%clk 0:14:29]} Kh7 {[%clk 0:20:01]} 30. Bxe6 {[%clk 0:14:49]} fxe6
{[%clk 0:16:23]} 31. Rxe6 {[%clk 0:15:17]} Qd7 {[%clk 0:15:11]} 32. Qe5
{[%clk 0:11:29]} Rcg8 {[%clk 0:11:02]} 33. h4 {[%clk 0:11:48]} h5
{[%clk 0:08:04]} 34. Qg5 {[%clk 0:11:57]} Qf7 {[%clk 0:06:16]} 35. Rf6
{[%clk 0:12:13]} Qd7 {[%clk 0:05:16]} 36. Ree6 {[%clk 0:10:07]} Re8
{[%clk 0:04:33]} 37. Rxg6 {[%clk 0:05:07]} Rxe6 {[%clk 0:04:43]} 38. Qh6+
{[%clk 0:05:32]} Kg8 {[%clk 0:05:06]} 39. Rxe6 {[%clk 0:05:35]} d4
{[%clk 0:03:36]} 40. g3 {[%clk 0:33:39]} d3 {[%clk 0:32:21]} 41. Rd6
{[%clk 0:29:24]} Qf5 {[%clk 0:28:42]} 42. Rd8+ {[%clk 0:28:01]} Kf7
{[%clk 0:28:58]} 43. Qd6 {[%clk 0:28:15]} 1-0

[Event "Wolrd Chess Olympiad 2018"]
[Site "Batumi"]
[Date "2018.09.28"]
[Round "5"]
[Board "4"]
[WhiteFideId "14531216"]
[White "Jelic Dejan"]
[BlackFideId "11101660"]
[Black "Prescod Bryan"]
[Result "1/2-1/2"]
[LiveChessVersion "1.4.8"]
[BlackElo "2039"]
[WhiteElo "1890"]

1. e4 {[%clk 1:30:45]} d6 {[%clk 1:30:50]} 2. Nf3 {[%clk 1:30:22]} g6
{[%clk 1:31:02]} 3. Bc4 {[%clk 1:29:55]} Bg7 {[%clk 1:28:43]} 4. O-O
{[%clk 1:30:05]} Nf6 {[%clk 1:28:46]} 5. d3 {[%clk 1:30:05]} O-O {[%clk 1:27:34]}
6. a4 {[%clk 1:30:07]} Bg4 {[%clk 1:22:21]} 7. h3 {[%clk 1:30:15]} Bxf3
{[%clk 1:21:55]} 8. Qxf3 {[%clk 1:30:36]} Nc6 {[%clk 1:22:05]} 9. Qd1
{[%clk 1:27:49]} d5 {[%clk 1:20:53]} 10. exd5 {[%clk 1:27:39]} Nxd5
{[%clk 1:21:13]} 11. Na3 {[%clk 1:19:24]} Nb6 {[%clk 1:07:54]} 12. Bb5
{[%clk 1:19:30]} Nd4 {[%clk 1:07:42]} 13. a5 {[%clk 1:19:40]} Nxb5
{[%clk 1:07:49]} 14. Nxb5 {[%clk 1:19:25]} Nd5 {[%clk 1:07:36]} 15. a6
{[%clk 1:15:04]} b6 {[%clk 1:06:46]} 16. Na3 {[%clk 0:53:05]} Nb4
{[%clk 0:45:58]} 17. Re1 {[%clk 0:51:36]} Nxa6 {[%clk 0:44:38]} 18. Nb5
{[%clk 0:51:28]} Nb4 {[%clk 0:41:42]} 19. Bf4 {[%clk 0:36:13]} Nd5
{[%clk 0:40:46]} 20. Be5 {[%clk 0:36:19]} a6 {[%clk 0:32:50]} 21. Bxg7
{[%clk 0:36:10]} Kxg7 {[%clk 0:33:01]} 22. Nd4 {[%clk 0:33:58]} c5
{[%clk 0:32:29]} 23. Nc6 {[%clk 0:33:26]} Qd6 {[%clk 0:32:07]} 24. Ne5
{[%clk 0:32:25]} Rfd8 {[%clk 0:25:37]} 25. Qf3 {[%clk 0:31:37]} f6
{[%clk 0:23:35]} 26. Nc4 {[%clk 0:30:21]} Qc6 {[%clk 0:22:58]} 27. Ne3
{[%clk 0:24:01]} e5 {[%clk 0:19:40]} 28. Nxd5 {[%clk 0:20:05]} Rxd5
{[%clk 0:17:19]} 29. Kf1 {[%clk 0:18:04]} a5 {[%clk 0:13:34]} 30. b3
{[%clk 0:16:40]} Rad8 {[%clk 0:11:47]} 31. h4 {[%clk 0:16:14]} Qd7
{[%clk 0:11:13]} 32. g3 {[%clk 0:13:10]} Rd4 {[%clk 0:10:25]} 33. Kg2
{[%clk 0:12:48]} Qc7 {[%clk 0:07:09]} 34. Rh1 {[%clk 0:11:14]} h5
{[%clk 0:07:27]} 35. Rhe1 {[%clk 0:11:30]} b5 {[%clk 0:06:23]} 36. Reb1
{[%clk 0:10:41]} R8d7 {[%clk 0:06:04]} 37. Qa8 {[%clk 0:10:33]} Qa7
{[%clk 0:05:52]} 38. Rxa5 {[%clk 0:10:49]} Qxa8+ {[%clk 0:05:46]} 39. Rxa8
{[%clk 0:11:12]} c4 {[%clk 0:06:05]} 40. bxc4 {[%clk 0:40:23]} bxc4
{[%clk 0:36:31]} 41. Rbb8 {[%clk 0:38:44]} cxd3 {[%clk 0:36:11]} 42. cxd3
{[%clk 0:37:15]} Rxd3 {[%clk 0:36:31]} 43. Rf8 {[%clk 0:36:49]} Rf7
{[%clk 0:35:38]} 44. Rg8+ {[%clk 0:37:01]} Kh6 {[%clk 0:36:00]} 45. Ra6
{[%clk 0:35:19]} Rdd7 {[%clk 0:33:25]} 46. Rh8+ {[%clk 0:34:53]} Kg7
{[%clk 0:33:16]} 47. Raa8 {[%clk 0:35:03]} f5 {[%clk 0:29:18]} 48. Rhg8+
{[%clk 0:34:57]} Kh6 {[%clk 0:29:19]} 49. Ra6 {[%clk 0:33:03]} Rg7
{[%clk 0:29:10]} 50. Rh8+ {[%clk 0:33:18]} Rh7 {[%clk 0:29:35]} 51. Rg8
{[%clk 0:33:40]} Rdg7 {[%clk 0:29:23]} 52. Rf8 {[%clk 0:33:55]} 1/2-1/2

[Event "Wolrd Chess Olympiad 2018"]
[Site "Batumi"]
[Date "2018.09.28"]
[Round "5"]
[Board "1"]
[WhiteFideId "19600054"]
[White "Hemam Moulaye Brahim"]
[BlackFideId "15700356"]
[Black "Altaye Girum Teklewold"]
[Result "1-0"]
[LiveChessVersion "1.4.8"]
[BlackElo "1986"]
[WhiteElo "2018"]

1. d4 {[%clk 1:30:55]} d5 {[%clk 1:30:52]} 2. Nf3 {[%clk 1:31:15]} Nf6
{[%clk 1:30:51]} 3. g3 {[%clk 1:30:23]} Bf5 {[%clk 1:29:46]} 4. Bg2
{[%clk 1:30:13]} c6 {[%clk 1:30:03]} 5. O-O {[%clk 1:28:21]} e6 {[%clk 1:30:20]}
6. c4 {[%clk 1:28:26]} dxc4 {[%clk 1:27:17]} 7. Ne5 {[%clk 1:28:39]} Be4
{[%clk 1:27:15]} 8. f3 {[%clk 1:26:26]} Bxb1 {[%clk 1:27:03]} 9. Rxb1
{[%clk 1:26:43]} b5 {[%clk 1:25:55]} 10. f4 {[%clk 1:19:22]} Qc7 {[%clk 1:23:04]}
11. b3 {[%clk 1:16:13]} cxb3 {[%clk 1:18:24]} 12. Rxb3 {[%clk 1:16:14]} a6
{[%clk 1:18:04]} 13. Qc2 {[%clk 1:14:26]} Nd5 {[%clk 1:17:41]} 14. e4
{[%clk 1:12:53]} Nf6 {[%clk 1:15:43]} 15. Be3 {[%clk 1:03:33]} Nfd7
{[%clk 1:13:49]} 16. Nxc6 {[%clk 0:53:55]} Nxc6 {[%clk 1:09:22]} 17. d5
{[%clk 0:54:03]} Nc5 {[%clk 1:07:08]} 18. dxc6 {[%clk 0:50:08]} Nxb3
{[%clk 1:06:10]} 19. axb3 {[%clk 0:49:39]} Be7 {[%clk 1:06:10]} 20. Qf2
{[%clk 0:48:53]} e5 {[%clk 1:03:48]} 21. Rc1 {[%clk 0:48:11]} O-O
{[%clk 1:02:42]} 22. Bh3 {[%clk 0:46:53]} Ba3 {[%clk 0:56:58]} 23. Rc2
{[%clk 0:43:11]} g6 {[%clk 0:56:36]} 24. Bb6 {[%clk 0:41:05]} Qd6
{[%clk 0:56:26]} 25. c7 {[%clk 0:36:39]} f5 {[%clk 0:47:46]} 26. Rd2
{[%clk 0:30:37]} Qf6 {[%clk 0:39:55]} 27. fxe5 {[%clk 0:25:20]} Qxe5
{[%clk 0:39:18]} 28. exf5 {[%clk 0:25:05]} Bd6 {[%clk 0:20:59]} 29. Bd4
{[%clk 0:19:14]} Qe4 {[%clk 0:18:33]} 30. Re2 {[%clk 0:13:24]} Qb1+
{[%clk 0:11:08]} 31. Re1 {[%clk 0:13:37]} Qxb3 {[%clk 0:10:00]} 32. f6
{[%clk 0:13:37]} Rfe8 {[%clk 0:09:27]} 33. Rxe8+ {[%clk 0:11:55]} Rxe8
{[%clk 0:09:14]} 34. f7+ {[%clk 0:04:21]} Qxf7 {[%clk 0:09:26]} 35. Qxf7+
{[%clk 0:04:42]} Kxf7 {[%clk 0:09:48]} 36. c8=Q {[%clk 0:05:05]} Rxc8
{[%clk 0:09:35]} 37. Bxc8 {[%clk 0:05:24]} a5 {[%clk 0:09:52]} 38. Bb6
{[%clk 0:04:46]} b4 {[%clk 0:07:05]} 39. Bxa5 {[%clk 0:04:58]} Kf6
{[%clk 0:06:29]} 40. Kf2 {[%clk 0:34:48]} h5 {[%clk 0:35:46]} 41. Ke3
{[%clk 0:33:51]} h4 {[%clk 0:35:25]} 42. Bd8+ {[%clk 0:33:23]} Be7
{[%clk 0:35:11]} 43. Bxe7+ {[%clk 0:33:02]} Kxe7 {[%clk 0:35:38]} 44. g4
{[%clk 0:32:59]} Kf6 {[%clk 0:35:48]} 45. Ba6 {[%clk 0:32:54]} Ke5
{[%clk 0:35:50]} 46. Bc4 {[%clk 0:32:12]} g5 {[%clk 0:33:28]} 47. h3
{[%clk 0:32:20]} Kf6 {[%clk 0:33:47]} 48. Kd4 {[%clk 0:32:28]} Kg6
{[%clk 0:34:07]} 49. Ke5 {[%clk 0:32:10]} Kg7 {[%clk 0:34:12]} 50. Kf5
{[%clk 0:32:00]} Kh6 {[%clk 0:34:38]} 51. Kf6 {[%clk 0:31:59]} Kh7
{[%clk 0:34:52]} 52. Kxg5 {[%clk 0:31:52]} Kg7 {[%clk 0:35:16]} 53. Kxh4
{[%clk 0:31:53]} Kg6 {[%clk 0:35:34]} 54. g5 {[%clk 0:31:52]} Kg7
{[%clk 0:35:56]} 55. Kg4 {[%clk 0:32:03]} Kg6 {[%clk 0:36:16]} 56. Bd3+ 1-0

[Event "Wolrd Chess Olympiad 2018"]
[Site "Batumi"]
[Date "2018.09.28"]
[Round "5"]
[Board "2"]
[WhiteFideId "15700739"]
[White "Ghebrehiwet Haftom Ghebremedhn"]
[BlackFideId "19600151"]
[Black "Cheikhna Mohamed Lemine"]
[Result "0-1"]
[LiveChessVersion "1.4.8"]
[BlackElo "1950"]
[WhiteElo "1979"]

1. e4 {[%clk 1:30:56]} e6 {[%clk 1:30:53]} 2. d3 {[%clk 1:31:18]} d5
{[%clk 1:30:33]} 3. Nd2 {[%clk 1:31:43]} c5 {[%clk 1:26:32]} 4. Ngf3
{[%clk 1:32:00]} Nf6 {[%clk 1:25:52]} 5. g3 {[%clk 1:32:21]} Nc6 {[%clk 1:21:58]}
6. Bg2 {[%clk 1:32:43]} Be7 {[%clk 1:20:00]} 7. O-O {[%clk 1:33:07]} O-O
{[%clk 1:17:29]} 8. Re1 {[%clk 1:33:27]} Re8 {[%clk 1:16:01]} 9. e5
{[%clk 1:31:54]} Nd7 {[%clk 1:15:08]} 10. h4 {[%clk 1:31:47]} f6 {[%clk 1:12:18]}
11. exf6 {[%clk 1:31:55]} Nxf6 {[%clk 1:10:25]} 12. Nf1 {[%clk 1:30:07]} Bd6
{[%clk 1:07:29]} 13. Bh3 {[%clk 1:21:34]} e5 {[%clk 1:03:40]} 14. Bxc8
{[%clk 1:21:52]} Qxc8 {[%clk 0:59:31]} 15. c3 {[%clk 1:12:59]} h6
{[%clk 0:55:14]} 16. Kg2 {[%clk 1:07:30]} Qg4 {[%clk 0:44:49]} 17. Ne3
{[%clk 1:04:11]} Qg6 {[%clk 0:42:34]} 18. a4 {[%clk 0:57:53]} Kh8
{[%clk 0:35:20]} 19. Nh2 {[%clk 0:52:37]} Rad8 {[%clk 0:29:36]} 20. a5
{[%clk 0:46:05]} e4 {[%clk 0:21:00]} 21. d4 {[%clk 0:38:56]} cxd4
{[%clk 0:16:31]} 22. cxd4 {[%clk 0:39:20]} Nb4 {[%clk 0:15:47]} 23. Rf1
{[%clk 0:38:11]} Nd3 {[%clk 0:12:20]} 24. Nhg4 {[%clk 0:36:51]} h5
{[%clk 0:10:31]} 25. Nxf6 {[%clk 0:36:49]} gxf6 {[%clk 0:10:36]} 26. Rg1
{[%clk 0:27:24]} Rg8 {[%clk 0:07:35]} 27. Kf1 {[%clk 0:17:08]} f5
{[%clk 0:04:44]} 28. Rg2 {[%clk 0:09:23]} Qf7 {[%clk 0:03:42]} 29. Nxd5
{[%clk 0:03:43]} f4 30. Nxf4 Nxf4 31. Bxf4 Bxf4 32. gxf4 Rxg2 33. Kxg2 Rg8+ 34.
Kf1 Qc4+ 35. Qe2 Rg1+ 36. Kxg1 Qxe2 37. Ra3 Qd1+ 38. Kh2 Qxd4 39. Re3 Qxb2 40.
Kg3 Qg7+ 41. Kh2 Qg6 42. Rb3 Qf7 43. Rc3 Qxf4+ 44. Kg2 b5 45. Rc5 Qg4+ 46. Kf1 b4
47. Rb5 Qd1+ 48. Kg2 Qf3+ 49. Kg1 b3 50. a6 e3 51. fxe3 Qxe3+ 52. Kh1 Qe1+ 53.
Kh2 Qe2+ 0-1

[Event "Wolrd Chess Olympiad 2018"]
[Site "Batumi"]
[Date "2018.09.28"]
[Round "5"]
[Board "3"]
[WhiteFideId "19601409"]
[White "Mohamed Lemine Mohamed"]
[BlackFideId "15702391"]
[Black "Tilahun Abel Mathewos"]
[Result "0-1"]
[LiveChessVersion "1.4.8"]
[BlackElo "2015"]
[WhiteElo "1844"]

1. e4 {[%clk 1:30:56]} e6 {[%clk 1:30:51]} 2. d4 {[%clk 1:31:18]} d5
{[%clk 1:31:15]} 3. Nd2 {[%clk 1:31:29]} Nc6 {[%clk 1:31:31]} 4. Ngf3
{[%clk 1:31:14]} Nf6 {[%clk 1:31:51]} 5. e5 {[%clk 1:31:08]} Nd7 {[%clk 1:32:14]}
6. Bd3 {[%clk 1:30:47]} Nb4 {[%clk 1:32:26]} 7. Be2 {[%clk 1:27:15]} c5
{[%clk 1:32:46]} 8. c3 {[%clk 1:27:37]} Nc6 {[%clk 1:33:08]} 9. O-O
{[%clk 1:25:24]} Qb6 {[%clk 1:32:54]} 10. Nb3 {[%clk 1:20:30]} cxd4
{[%clk 1:30:55]} 11. cxd4 {[%clk 1:20:42]} a5 {[%clk 1:31:00]} 12. Qd3
{[%clk 1:18:24]} a4 {[%clk 1:28:06]} 13. Nbd2 {[%clk 1:18:48]} Be7
{[%clk 1:27:45]} 14. Re1 {[%clk 1:14:36]} O-O {[%clk 1:25:46]} 15. Nf1
{[%clk 1:14:04]} Nb4 {[%clk 1:23:11]} 16. Qb1 {[%clk 1:11:25]} Qd8
{[%clk 1:20:51]} 17. Bd2 {[%clk 1:08:04]} Rb8 {[%clk 1:15:29]} 18. a3
{[%clk 1:01:36]} Nc6 {[%clk 1:15:47]} 19. Bd3 {[%clk 1:02:01]} g6
{[%clk 1:12:29]} 20. Qc2 {[%clk 1:02:24]} Nb6 {[%clk 1:08:18]} 21. Rac1
{[%clk 0:53:18]} Bd7 {[%clk 1:08:05]} 22. g4 {[%clk 0:42:53]} Rc8
{[%clk 1:05:21]} 23. Qb1 {[%clk 0:37:20]} Nb8 {[%clk 0:58:19]} 24. g5
{[%clk 0:31:16]} Nc4 {[%clk 0:56:56]} 25. Bf4 {[%clk 0:29:47]} b5
{[%clk 0:54:12]} 26. Ng3 {[%clk 0:27:28]} Nc6 {[%clk 0:51:11]} 27. h4
{[%clk 0:23:57]} Kg7 {[%clk 0:47:41]} 28. h5 {[%clk 0:16:59]} Rb8
{[%clk 0:42:12]} 29. Kg2 {[%clk 0:13:10]} Qb6 {[%clk 0:35:30]} 30. Be3
{[%clk 0:11:06]} Nxe3+ {[%clk 0:33:02]} 31. fxe3 {[%clk 0:10:53]} b4
{[%clk 0:32:44]} 32. axb4 {[%clk 0:07:37]} Nxb4 {[%clk 0:32:43]} 33. Be2
{[%clk 0:05:17]} Bb5 {[%clk 0:26:42]} 34. Bxb5 {[%clk 0:02:34]} Qxb5
{[%clk 0:27:07]} 35. Rc3 {[%clk 0:02:24]} Na6 {[%clk 0:25:13]} 36. Rc2
{[%clk 0:01:17]} a3 {[%clk 0:23:32]} 37. Qa2 {[%clk 0:01:34]} axb2
{[%clk 0:11:54]} 38. Rb1 {[%clk 0:01:03]} Qd3 {[%clk 0:05:24]} 39. h6+
{[%clk 0:01:18]} Kg8 {[%clk 0:05:43]} 40. Rcxb2 {[%clk 0:31:06]} Rxb2+
{[%clk 0:34:20]} 41. Rxb2 {[%clk 0:30:39]} Nb4 {[%clk 0:30:47]} 42. Qa7
{[%clk 0:23:30]} Nc6 {[%clk 0:29:10]} 43. Qc7 {[%clk 0:17:57]} Ba3
{[%clk 0:22:00]} 44. Rb6 {[%clk 0:13:02]} Qc2+ {[%clk 0:20:26]} 45. Kf1
{[%clk 0:10:27]} Nxd4 {[%clk 0:18:13]} 46. Qxc2 {[%clk 0:09:28]} Nxc2
{[%clk 0:18:34]} 47. Ke2 {[%clk 0:07:08]} Nxe3 {[%clk 0:18:15]} 48. Rb3
{[%clk 0:06:50]} Nc4 {[%clk 0:18:28]} 49. Nf1 {[%clk 0:04:10]} Ra8
{[%clk 0:15:49]} 50. N1d2 {[%clk 0:03:09]} Nxd2 {[%clk 0:13:22]} 51. Kxd2
{[%clk 0:03:30]} Bf8 {[%clk 0:13:24]} 52. Rb7 {[%clk 0:02:50]} Ra2+
{[%clk 0:12:42]} 53. Kd3 {[%clk 0:03:05]} Ra3+ {[%clk 0:11:48]} 54. Ke2
{[%clk 0:03:15]} Ra8 {[%clk 0:11:51]} 55. Kd3 {[%clk 0:03:03]} Bc5
{[%clk 0:11:44]} 56. Rb5 {[%clk 0:01:19]} Be7 {[%clk 0:11:56]} 57. Rb7
{[%clk 0:01:36]} Kf8 {[%clk 0:12:22]} 58. Rc7 {[%clk 0:00:39]} Ke8
{[%clk 0:12:46]} 59. Rb7 {[%clk 0:00:54]} Ra3+ {[%clk 0:12:54]} 60. Ke2
{[%clk 0:01:12]} Ra4 {[%clk 0:13:02]} 61. Rb8+ {[%clk 0:01:00]} Bd8
{[%clk 0:13:16]} 62. Ke3 {[%clk 0:00:52]} Kd7 {[%clk 0:12:50]} 63. Rb7+
{[%clk 0:01:00]} Bc7 {[%clk 0:12:00]} 64. Rb3 {[%clk 0:00:32]} Re4+
{[%clk 0:11:35]} 65. Kd3 {[%clk 0:01:00]} Kc8 {[%clk 0:10:09]} 66. Rc3
{[%clk 0:01:08]} Kb7 {[%clk 0:10:18]} 67. Rb3+ {[%clk 0:01:15]} Bb6
{[%clk 0:10:16]} 68. Kd2 {[%clk 0:01:01]} Kc6 {[%clk 0:10:02]} 69. Ra3
{[%clk 0:00:36]} Rf4 {[%clk 0:08:44]} 0-1